Online Catalogue and eLibrary

The collected short stories of Khushwant Singh (Record no. 3314)

MARC details
000 -LEADER
fixed length control field 00428nam a2200157Ia 4500
005 - DATE AND TIME OF LATEST TRANSACTION
control field 20241119013413.0
008 - FIXED-LENGTH DATA ELEMENTS--GENERAL INFORMATION
fixed length control field 240331s9999 xx 000 0 und d
020 ## - INTERNATIONAL STANDARD BOOK NUMBER
ISBN 0863110630
082 ## - DDC Classification
Item Number - Author Mark SIN
Class No. 823
100 ## - MAIN ENTRY--PERSONAL NAME
Personal name Singh, K
245 #4 - TITLE STATEMENT
Title The collected short stories of Khushwant Singh
260 ## - PUBLICATION, DISTRIBUTION, ETC.
Place of publication, distribution, etc. Delhi
Name of publisher, distributor, etc. Ravi Dayal Publishers
300 ## - PHYSICAL DESCRIPTION
Extent (e.g. Volumes, Pages etc.) xiii, 219 p .,
500 ## - GENERAL NOTE
General note collected Short Stories of Khushwant Singh
942 ## - Koha item type (Biblio)
Koha item type Books in Stacks (Lending)
Holdings
Lost status Damaged status Collection code Home library Current library Shelving location Date acquired Full call number Accession Number Item type
    Lending WERC Library WERC Library Social Science Cupboard 03/31/2024 823 SIN 582 Books in Stacks (Lending)

© WERC Library